000 00589cam a2200217 04500
001 45459
021 _b22220/88
090 _a45459
100 _a19881104d1988 a y0pory5003 ba
101 1 _apor
102 _aPT
200 1 _aHelen a menina do silĂȘncio e da noite
_fAnne Marchon
_gil. Colette Camil
210 9 _a[Porto]
_cDesabrochar,
_dD.L. 1988
215 _a47 p.
_cil.
_d27 cm
_e1 cassete
225 2 _aArco-Ă­ris
_v3
300 _ap. 41-47 : texto em braille
675 _a087.5
_vBN
_zpor
700 1 _aMarchon,
_bAnne
702 1 _aCamil,
_bColette
_4440
801 0 _aPT
_bBN
_gRPC
990 _cLIVROS